Quizzes
Events
Quiz Creation
Community
Videos
Private Events
Remove Ads
Sign In
Join for FREE
Feedback
Dark Mode
Quiz Categories
Sports
Geography
Music
Movies
Television
Just For Fun
Miscellaneous
History
Literature
Language
Science
Gaming
Entertainment
Religion
Holiday
For Kids
Quiz Lab
Recent
Popular Today
Quiz Kudos Today
Editor Picks
Curator Picks
Quizzes by...
Day
Popularity
Type
Ratings
Length
Year
Community
Subscriptions
Recent Discussions
Orange Saloon
Badges
Playlists
Quests
Create
Leaderboards
Showdown
Live 5
Trivia Bingo
Activity
Puzzle Library
Sporcle Events
Private Events
Virtual Trivia
Globe League
Become a Host
Pub Owners
SporcleCon
Opinionation
Our Games
Videos
Blog
Mobile Apps
Partnerships
Remove Ads and Go Orange
Feedback
Science
Computer
Plants
Astronomy
Chemistry
Elements
Math
Animal
Physics
Anatomy
Biology
Geology
General Science
Science
Computer
Plants
Astronomy
Chemistry
Elements
Math
Animal
Physics
Anatomy
Biology
Geology
General Science
Random Quiz
Search Sporcle
×
Quiz Lab
Quiz Lab
Science
Psychiatry
Type in answers that appear in a list
Type in answers that appear in a list
Classic
Best Score? Go Orange.
Side effects of olanzapine Stats
Can you name the Side effects of olanzapine
By
Katng24
10m
38 Questions
51 Plays
51 Plays
51 Plays
Comments
Comments
Give Quiz Kudos
Give Quiz Kudos
-
- Ratings
hide this ad
Replay
Link that replays current quiz
Next Quiz
Link to next quiz in quiz playlist
You Got
0%
They Got
Avg Score
35%
Avg Friend Score
Upgrade to see
Score Distribution
Jump to the score distribution portion of the page
Score
0/38
Timer
10:00
0
Plays Today
Hint
Answer
% Correct
weight gain
79.6%
constipation
53.1%
dizziness
49%
extrapyramidal symptoms
44.9%
insomnia
44.9%
fatigue
44.9%
metabolic syndrome
42.9%
hyperprolactinaemia
38.8%
parkinsonism
38.8%
somnolence
36.7%
xerostomia
36.7%
agranulocytosis
36.7%
elevated LFTs
34.7%
leukopaenia
34.7%
bradycardia
34.7%
amenorrhoea
34.7%
hepatitis
34.7%
thrombocytopaenia
34.7%
erectile dysfunction
32.7%
Hint
Answer
% Correct
decreased libido
32.7%
rash
32.7%
neutropaenia
32.7%
urinary incontinence
32.7%
urinary retention
32.7%
thromboembolism
32.7%
orthostatic hypotension
30.6%
QT prolongation
30.6%
rhabdomyolysis
30.6%
akathisia
28.6%
dyskinesia
28.6%
dyspepsia
26.5%
asthenia
26.5%
oedema
26.5%
seizures
24.5%
glucosuria
20.4%
alopecia
20.4%
accidental injury
16.3%
photosensitivity
16.3%
Quiz Playlist
Details
Report
Send in Message
Add To Playlist
Classic:
Type in answers that appear in a list
Last Updated: Feb 16, 2017
Quiz Scoreboard
CHALLENGE
Sign Up to Join the Scoreboard
Show All
Scores
Hide
Comments
May contain spoilers
Recently Published
Presidents Visiting Landmarks
by Hejman
History
7m
An Introduction to Baseball
by treessimontrees
Sports
5m
Movies - When Are They Set?
by FPL_Elf
Movies
5m
More to Explore
Quiz From the Vault
Featured Blog Post
Where Did the Easter Bunny Come From?
hide this ad
You Might Also Like...
Tags
Psychiatry
Today's Top Quizzes in Science
Browse Science
hide this ad
Today's Top Quizzes in Psychiatry
Browse Psychiatry
Top Contributed Quizzes in Science
1
Quick Pick: Radians
2
Quick Pick: 'CI-CJ' Animals
3
Elements In Images
4
Name the Acid, Base or Salt
5
One Thing in Common: Science
6
One Thing in Common: Science III
7
One Thing in Common: Animals
8
Science Jokes
9
One Thing in Common: Science II
10
The First 100 Digits of Pi
Explore More
Trending Topics
Harry Potter
Anime
NBA
Disney
Crossword
Kpop
Marvel
Song
Pokémon
Soccer
NFL
WWE
Country
Puzzle
The Office
hide this ad
More By:
Katng24
Quiz
Plays
Rating
Category
Featured
Created
Side effects of olanzapine
51
5.00
Science
Feb 23, 2014
Side effects of sertraline
41
Science
Feb 22, 2014
Go to Creator's Profile
Score Distribution
Quiz Creator Spotlight
Katng24
Follow
Send a Message
Quizzes Created
-
Created Quiz Play Count
-
More By This Creator
Popular Quizzes Today
1
Find the US States - No Outlines Minefield
2
Find the Countries of Europe - No Outlines Minefield
3
The Countries of the World
4
Find the US States
5
Popular People in 1961
6
US States
7
Risky Map Clicking: Biggest States A-Z
8
Movies - When Are They Set?
More Science Quizzes
Click the Chimpanzee Countries
Quiz Lab
Trending Quizzes
Risky Map Clicking: Least Populous States A-Z
1-10 Letter G Words
1-10 Letter F Words
Risky Map Clicking: Next State Alphabetically
Risky Map Clicking: Biggest States A-Z
Recently Updated
Leaping Animals
pecheneg
Reality TV Shows (A-Z)
bhenderson79
Rickey Henderson's Hall of Fame Teammates
pecheneg
Champions League XIs: Arsenal
pecheneg
Quick Pick: Celebrities in WWE's Hall of Fame
aduchscher
A-Z Keypad Blitz II
pecheneg
Multiple Oscar Actors
pecheneg
Mystery Phrase Blitz: Oscar 'Best Actors'
pecheneg
F. Scott Fitzgerald Novels
LTH
Pick 3 Villains
ddd62291
Trending Topics
Harry Potter
Disney
Crossword
Anime
Marvel
NBA
Kpop
Country
WWE
Soccer
Pokémon
Song
The Office
NFL
Puzzle
Your Account Isn't Verified!
In order to create a playlist on Sporcle, you need to verify the email address you used during registration. Go to your
Sporcle Settings
to finish the process.
Report this User
Report this user for behavior that violates our
Community Guidelines
.
Details:
Send Report
Go to the Sporcle.com Mobile Site →
Comments